[Event "Catalunya-chT Gp1"]
[Site "Barcelona"]
[Date "2023.03.04"]
[Round "7.5"]
[White "Pinero Fernandez, Xavier"]
[Black "Baches Garcia, Guillermo"]
[Result "1/2-1/2"]
[WhiteElo "2279"]
[BlackElo "2326"]
[PlyCount "20"]
[EventDate "2023.01.21"]
[EventType "team-tourn"]
[EventRounds "7"]
[EventCountry "ESP"]
[SourceTitle "CBM 213 Extra"]
[Source "ChessBase"]
[SourceDate "2023.05.31"]
[SourceVersion "1"]
[SourceVersionDate "2023.05.31"]
[SourceQuality "1"]
[WhiteTeam "Ateneu Colon"]
[BlackTeam "Valls"]
[WhiteTeamCountry "ESP"]
[BlackTeamCountry "ESP"]

1. d4 Nf6 2. Bf4 d5 3. e3 c5 4. c3 Nc6 5. Nd2 e6 6. Ngf3 cxd4 7. cxd4 Qb6 8. Rb1 Nh5 9. Bg5 h6 10. Bh4 g5 1/2-1/2

[Event "Catalunya-chT Gp2"]
[Site "Barcelona"]
[Date "2022.02.12"]
[Round "4.3"]
[White "Pinero Fernandez, Xavier"]
[Black "Bellon Lopez, Juan Manuel"]
[Result "1/2-1/2"]
[WhiteElo "2269"]
[BlackElo "2322"]
[PlyCount "97"]
[EventDate "2022.01.22"]
[EventType "team-tourn"]
[EventRounds "9"]
[EventCountry "ESP"]
[SourceTitle "CBM 208 Extra"]
[Source "ChessBase"]
[SourceDate "2022.07.31"]
[SourceVersion "1"]
[SourceVersionDate "2022.07.31"]
[SourceQuality "1"]
[WhiteTeam "Colon Ateneu"]
[BlackTeam "Salauris"]
[WhiteTeamCountry "ESP"]
[BlackTeamCountry "ESP"]

1. d4 d5 2. Bf4 c5 3. e4 dxe4 4. d5 a6 5. Nc3 Nf6 6. Qe2 Qa5 7. 0-0-0 g6 8. f3 Bg7 9. fxe4 b5 10. d6 Nc6 11. Kb1 Bg4 12. Nf3 0-0 13. dxe7 Rfe8 14. h3 b4 15. Nd5 Nxd5 16. exd5 b3 17. a3 Bf5 18. dxc6 bxc2+ 19. Ka1 Bxb2+ 20. Kxb2 Rab8+ 21. Bxb8 Rxb8+ 22. Ka2 Be6+ 23. Qxe6 fxe6 24. Rd8+ Rxd8 25. exd8Q+ Qxd8 26. Bc4 Qd6 27. Re1 Qxc6 28. Kb2 Kg7 29. Kxc2 Qa4+ 30. Bb3 Qxa3 31. Rxe6 Qb4 32. Nd2 Qb7 33. g4 a5 34. g5 h6 35. h4 hxg5 36. hxg5 Qd7 37. Nf3 a4 38. Bc4 Qb7 39. Rf6 a3 40. Rf7+ Qxf7 41. Bxf7 Kxf7 42. Ne5+ Ke6 43. Nxg6 Kf5 44. Ne7+ Kxg5 45. Kb3 Kf6 46. Nc8 c4+ 47. Kxa3 c3 48. Kb3 c2 49. Kxc2 1/2-1/2

[Event "Catalunya-chT Gp2"]
[Site "Barcelona"]
[Date "2020.02.29"]
[Round "7.3"]
[White "Pinero Fernandez, Xavier"]
[Black "Fantinel, Thibault"]
[Result "0-1"]
[WhiteElo "2249"]
[BlackElo "2385"]
[PlyCount "102"]
[EventDate "2020.01.18"]
[EventType "team-tourn"]
[EventRounds "7"]
[EventCountry "ESP"]
[SourceTitle "CBM 195 Extra"]
[Source "ChessBase"]
[SourceDate "2020.05.31"]
[SourceVersion "1"]
[SourceVersionDate "2020.05.31"]
[SourceQuality "1"]
[WhiteTeam "Colon Ateneu"]
[BlackTeam "Barcelona Escacs CC"]
[WhiteTeamCountry "ESP"]
[BlackTeamCountry "ESP"]

1. d4 Nf6 2. Bf4 d5 3. e3 c5 4. c3 Nc6 5. Nd2 cxd4 6. exd4 Bf5 7. Ngf3 e6 8. Qb3 Qc8 9. h3 h6 10. Be2 Be7 11. 0-0 0-0 12. Ne1 a6 13. a4 Na5 14. Qa2 Qc6 15. Nd3 b5 16. b4 Bxd3 17. Bxd3 Qxc3 18. bxa5 Qxd3 19. axb5 axb5 20. Nb3 Ne4 21. Rfd1 Qc4 22. Bd2 b4 23. Rdc1 Nc3 24. Bxc3 bxc3 25. Qa4 Rfc8 26. a6 Bf6 27. Qxc4 dxc4 28. Nc5 Bxd4 29. Ne4 Rc6 30. Nxc3 Rcxa6 31. Rxa6 Rxa6 32. Nb5 Ra1 33. Rxa1 Bxa1 34. Na3 c3 35. Kf1 Bb2 36. Nc2 Bc1 37. Ke2 Bg5 38. Kd3 Bf6 39. Ne3 g6 40. g4 Kf8 41. Ke4 Ke7 42. f4 Kd6 43. f5 exf5+ 44. gxf5 g5 45. Kd3 h5 46. Ke4 Kc5 47. Kd3 Bd4 48. Nc2 Be5 49. Ke4 Bf6 50. Kd3 g4 51. hxg4 hxg4 0-1

[Event "Catalunya-chT Gp2"]
[Site "Barcelona"]
[Date "2020.02.15"]
[Round "5.3"]
[White "Pinero Fernandez, Xavier"]
[Black "Valenzuela Gomez, Fernando Alberto"]
[Result "0-1"]
[WhiteElo "2249"]
[BlackElo "2335"]
[PlyCount "78"]
[EventDate "2020.01.18"]
[EventType "team-tourn"]
[EventRounds "7"]
[EventCountry "ESP"]
[SourceTitle "CBM 195 Extra"]
[Source "ChessBase"]
[SourceDate "2020.05.31"]
[SourceVersion "1"]
[SourceVersionDate "2020.05.31"]
[SourceQuality "1"]
[WhiteTeam "Colon Ateneu"]
[BlackTeam "Valls"]
[WhiteTeamCountry "ESP"]
[BlackTeamCountry "ESP"]

1. d4 Nf6 2. Bf4 g6 3. Nc3 d5 4. e3 Bg7 5. h4 c6 6. Nf3 Bg4 7. Qd2 Bxf3 8. gxf3 Nh5 9. Be5 Nd7 10. Bxg7 Nxg7 11. 0-0-0 e6 12. Kb1 h5 13. e4 a6 14. Re1 0-0 15. Bd3 dxe4 16. fxe4 e5 17. d5 Nf6 18. dxc6 bxc6 19. f3 Ne6 20. Ne2 Rb8 21. Qc3 Qd6 22. Bc4 Rfd8 23. Bxe6 Qxe6 24. Nc1 Rd4 25. Nd3 Nd7 26. f4 c5 27. Nxe5 Nxe5 28. fxe5 Qxe5 29. Re3 Qf4 30. Rhe1 Re8 31. b3 Rexe4 32. Rxe4 Rxe4 33. Rxe4 Qxe4 34. Qxc5 Qe1+ 35. Kb2 Qxh4 36. Qe5 Qf2 37. b4 h4 38. Qc5 Qxc5 39. bxc5 Kf8 0-1

[Event "Barcelona Sant Andreu FM"]
[Site "Barcelona"]
[Date "2019.09.21"]
[Round "2"]
[White "Pinero Fernandez, Xavier"]
[Black "Perez Garcia, Adria"]
[Result "1-0"]
[WhiteElo "2266"]
[BlackElo "2177"]
[PlyCount "87"]
[EventDate "2019.09.14"]
[EventType "tourn"]
[EventRounds "9"]
[EventCountry "ESP"]
[SourceTitle "CBM 195 Extra"]
[Source "ChessBase"]
[SourceDate "2020.05.31"]
[SourceVersion "1"]
[SourceVersionDate "2020.05.31"]
[SourceQuality "1"]

1. d4 d5 2. Bf4 Nf6 3. e3 c5 4. c3 Nc6 5. Nd2 Bf5 6. Qb3 Qb6 7. dxc5 Qxb3 8. axb3 e5 9. Bg3 Bxc5 10. Ngf3 Nd7 11. b4 Bd6 12. Bb5 f6 13. Nd4 Nxd4 14. exd4 0-0 15. Nf3 a6 16. Bxd7 Bxd7 17. 0-0 Rfe8 18. dxe5 fxe5 19. Rfe1 e4 20. Nd4 Be7 21. Ra5 Bc6 22. Nxc6 bxc6 23. Rea1 Bf6 24. Rxa6 Rxa6 25. Rxa6 Rc8 26. Kf1 d4 27. cxd4 Bxd4 28. Ke2 Bxb2 29. Ke3 Bc3 30. Bd6 Be1 31. Rb6 Ra8 32. Rxc6 Ra2 33. Kxe4 Rb2 34. Rb6 Bxf2 35. Rb7 Bg1 36. Rxg7+ Kh8 37. Rg4 Re2+ 38. Kd5 h5 39. Rh4 Rxg2 40. Rxh5+ Kg7 41. b5 Kg6 42. Rh3 Rg5+ 43. Kc6 Kf7 44. Rg3 1-0

[Event "Sabadell Diada blitz op 16th"]
[Site "Sabadell"]
[Date "2019.09.11"]
[Round "9"]
[White "Delisau Gil, Oriol"]
[Black "Pinero Fernandez, Xavier"]
[Result "1/2-1/2"]
[WhiteElo "2194"]
[BlackElo "2282"]
[PlyCount "76"]
[EventDate "2019.09.11"]
[EventType "swiss (blitz)"]
[EventRounds "9"]
[EventCountry "ESP"]
[SourceTitle "EXT 2020"]
[Source "ChessBase"]
[SourceDate "2019.10.17"]
[SourceVersion "1"]
[SourceVersionDate "2019.10.17"]
[SourceQuality "1"]

1. d4 d6 2. Nf3 g6 3. c4 Bg7 4. Nc3 e5 5. dxe5 dxe5 6. Qxd8+ Kxd8 7. Bg5+ f6 8. 0-0-0+ Nd7 9. Bd2 c6 10. e3 Kc7 11. Ne4 a5 12. Bc3 Nh6 13. h3 Re8 14. g4 Nf7 15. Rg1 Bf8 16. a3 Be7 17. Be2 Nc5 18. Nxc5 Bxc5 19. Nd2 Be6 20. Ne4 Be7 21. h4 Reb8 22. a4 b6 23. f4 Nd6 24. Nxf6 exf4 25. exf4 Rf8 26. g5 h5 27. Be5 Rad8 28. b3 Kb7 29. Bd3 Nf5 30. Bxf5 Bxf5 31. Rxd8 Rxd8 32. Rg2 Ba3+ 33. Bb2 Bd6 34. Be5 Ba3+ 35. Bb2 Bb4 36. Re2 Rd3 37. Rh2 Rd8 38. Be5 Be7 1/2-1/2

[Event "Sabadell Diada blitz op 16th"]
[Site "Sabadell"]
[Date "2019.09.11"]
[Round "5"]
[White "Escobar Medina, Andres F"]
[Black "Pinero Fernandez, Xavier"]
[Result "0-1"]
[WhiteElo "2184"]
[BlackElo "2282"]
[PlyCount "72"]
[EventDate "2019.09.11"]
[EventType "swiss (blitz)"]
[EventRounds "9"]
[EventCountry "ESP"]
[SourceTitle "EXT 2020"]
[Source "ChessBase"]
[SourceDate "2019.10.17"]
[SourceVersion "1"]
[SourceVersionDate "2019.10.17"]
[SourceQuality "1"]

1. e4 e5 2. Nf3 Nc6 3. d4 exd4 4. Bc4 Nf6 5. e5 d5 6. Bb5 Ne4 7. Nxd4 Bd7 8. Bxc6 bxc6 9. Nb3 Bb4+ 10. c3 Be7 11. Be3 Bg5 12. Qc1 Bxe3 13. Qxe3 0-0 14. 0-0 Re8 15. f3 Nd6 16. N1d2 f6 17. f4 Nf7 18. Nf3 Bg4 19. Qc5 Bxf3 20. Rxf3 fxe5 21. Qxc6 e4 22. Rf2 Qd6 23. Qa4 e3 24. Re2 Re4 25. Qa5 c6 26. Nd4 c5 27. Nf3 d4 28. cxd4 cxd4 29. Rd1 d3 30. Qf5 Rae8 31. Qb5 Rd8 32. Ree1 d2 33. Nxd2 Qxd2 34. Rxd2 exd2 35. Rxe4 d1Q+ 36. Kf2 Nd6 0-1

[Event "Foment Martinenc op-A 21st"]
[Site "Barcelona"]
[Date "2019.05.18"]
[Round "4"]
[White "Pinero Fernandez, Xavier"]
[Black "Perez Garcia, Adria"]
[Result "1-0"]
[WhiteElo "2228"]
[BlackElo "2219"]
[PlyCount "67"]
[EventDate "2019.04.27"]
[EventType "swiss"]
[EventRounds "9"]
[EventCountry "ESP"]
[SourceTitle "EXT 2020"]
[Source "ChessBase"]
[SourceDate "2019.10.17"]
[SourceVersion "1"]
[SourceVersionDate "2019.10.17"]
[SourceQuality "1"]

1. e4 c6 2. d4 d5 3. e5 Bf5 4. Nf3 e6 5. Be2 Nd7 6. 0-0 h6 7. Nbd2 Ne7 8. Nb3 Nc8 9. Be3 Be7 10. a4 0-0 11. a5 a6 12. Ne1 Na7 13. Bd3 Bxd3 14. Nxd3 Nb5 15. Qg4 Kh7 16. Qh3 Rc8 17. c3 Qc7 18. Kh1 Qd8 19. f4 f5 20. g4 Qe8 21. Rg1 g6 22. Rg3 Qf7 23. Rag1 Rg8 24. Nf2 Rcf8 25. Nd2 c5 26. Nf3 fxg4 27. Nxg4 h5 28. Nh6 Kxh6 29. f5+ g5 30. Nxg5 Qxf5 31. Nxe6+ Kh7 32. Nxf8+ Rxf8 33. Rg7+ Kh8 34. Qxf5 1-0

[Event "Barcelona Sant Marti op-A 19th"]
[Site "Barcelona"]
[Date "2017.07.19"]
[Round "7"]
[White "Gutierrez Olivares, Daniel"]
[Black "Pinero Fernandez, Xavier"]
[Result "0-1"]
[WhiteElo "2352"]
[BlackElo "2233"]
[PlyCount "126"]
[EventDate "2017.07.13"]
[EventType "swiss"]
[EventRounds "9"]
[EventCountry "ESP"]
[SourceTitle "EXT 2018"]
[Source "ChessBase"]
[SourceDate "2017.10.13"]
[SourceVersion "1"]
[SourceVersionDate "2017.10.13"]
[SourceQuality "1"]

1. e4 c6 2. Qe2 d5 3. d3 g6 4. g3 Bg7 5. Bg2 dxe4 6. dxe4 b6 7. Nf3 Ba6 8. c4 e5 9. 0-0 Qe7 10. b3 Nf6 11. Bb2 Nbd7 12. Ba3 c5 13. Nc3 0-0 14. Rad1 Rad8 15. Rfe1 Nb8 16. Nd5 Nxd5 17. exd5 Rfe8 18. h4 Bc8 19. Nd4 Bd7 20. Nc2 Qd6 21. b4 Na6 22. bxc5 Nxc5 23. Nb4 e4 24. Na6 e3 25. Kh2 Bc3 26. Rf1 Bg4 27. f3 Bf5 28. Nb4 Nd3 29. Nc2 Nf4 30. gxf4 Qxf4+ 31. Kg1 Be5 32. Rfe1 Qh2+ 33. Kf1 Bh3 34. Nxe3 Bg3 35. Qd2 Qh1+ 36. Ke2 Qxg2+ 37. Kd3 Qxf3 38. Re2 Bg4 39. Bc1 Qxe2+ 40. Qxe2 Bxe2+ 41. Kxe2 Bxh4 42. Kd3 Bg5 43. Ng4 Bxc1 44. Rxc1 Kg7 45. Kd4 Re2 46. Ne5 Rd2+ 47. Kc3 Rxa2 48. Rf1 f6 49. Nc6 Rd7 50. Rd1 Re2 51. Nb8 Rb7 52. Na6 Re8 53. Kb4 Kf7 54. Kb5 Rc8 55. Rd4 g5 56. Nb4 Rc5+ 57. Ka4 b5+ 58. cxb5 Rcxb5 59. Nc6 Rb1 60. Nd8+ Ke7 61. Nxb7 Rxb7 62. Re4+ Kd7 63. Re1 h5 0-1

[Event "Barcelona Sant Marti op-A 19th"]
[Site "Barcelona"]
[Date "2017.07.18"]
[Round "6"]
[White "Pinero Fernandez, Xavier"]
[Black "Miranda Llanes, Yerisbel"]
[Result "1/2-1/2"]
[WhiteElo "2233"]
[BlackElo "2285"]
[PlyCount "110"]
[EventDate "2017.07.13"]
[EventType "swiss"]
[EventRounds "9"]
[EventCountry "ESP"]
[SourceTitle "EXT 2018"]
[Source "ChessBase"]
[SourceDate "2017.10.13"]
[SourceVersion "1"]
[SourceVersionDate "2017.10.13"]
[SourceQuality "1"]

1. d4 d5 2. Bf4 Nf6 3. e3 e6 4. Nf3 Nbd7 5. Bd3 Bd6 6. Ne5 Nf8 7. Nd2 Ng6 8. Bg3 0-0 9. f4 c5 10. c3 Qb6 11. Rb1 Bd7 12. 0-0 Rad8 13. Ndc4 dxc4 14. Nxc4 Qc7 15. Nxd6 cxd4 16. exd4 Qxd6 17. f5 Qd5 18. fxg6 hxg6 19. Qe2 Bc6 20. Rbe1 Qxa2 21. Bh4 Qa5 22. Bxf6 gxf6 23. Rxf6 Qg5 24. Ref1 Bxg2 25. Qxg2 Qe3+ 26. Qf2 Qxd3 27. Rxf7 Qxf1+ 28. Qxf1 Rxf7 29. Qe2 Rf6 30. Qe5 Rdf8 31. d5 exd5 32. Qxd5+ R8f7 33. b4 Rf5 34. Qd2 Rf4 35. h3 a6 36. Qd8+ Kh7 37. Qc8 R4f6 38. c4 Rc6 39. Qg4 Rcf6 40. Qh4+ Kg8 41. Qg4 Rf4 42. Qc8+ Kh7 43. Kg2 b5 44. c5 Rxb4 45. Qxa6 Rb2+ 46. Kg3 Rb3+ 47. Kg2 Rb2+ 48. Kg3 Rff2 49. Qb7+ Kh6 50. c6 Rfc2 51. Qc8 Rb3+ 52. Kf4 Rc4+ 53. Ke5 Rbc3 54. Qh8+ Kg5 55. Qf6+ Kh6 1/2-1/2

[Event "Barcelona Sant Marti op-A 19th"]
[Site "Barcelona"]
[Date "2017.07.14"]
[Round "2"]
[White "Pinero Fernandez, Xavier"]
[Black "Moravich Casais, Juan Santiago"]
[Result "1-0"]
[WhiteElo "2233"]
[BlackElo "2006"]
[PlyCount "69"]
[EventDate "2017.07.13"]
[EventType "swiss"]
[EventRounds "9"]
[EventCountry "ESP"]
[SourceTitle "EXT 2018"]
[Source "ChessBase"]
[SourceDate "2017.10.13"]
[SourceVersion "1"]
[SourceVersionDate "2017.10.13"]
[SourceQuality "1"]

1. Nf3 Nf6 2. d4 d6 3. g3 c6 4. Bg2 g6 5. 0-0 Bg7 6. c4 0-0 7. Nc3 Bf5 8. Qb3 Qb6 9. h3 Na6 10. Qd1 Ne4 11. Nh4 Nxc3 12. bxc3 Be6 13. Qb3 Qc7 14. a4 b6 15. e4 Rfd8 16. f4 f5 17. exf5 gxf5 18. Re1 Qd7 19. Bxc6 Qxc6 20. Rxe6 Nc7 21. Rxe7 Re8 22. Nxf5 Bf8 23. d5 Nxd5 24. cxd5 Qc8 25. Re6 Kh8 26. Be3 Qb7 27. Bd4+ Kg8 28. Rae1 Qf7 29. g4 h5 30. Qb5 Rxe6 31. dxe6 Qg6 32. e7 hxg4 33. Qd5+ Kh7 34. exf8N+ Rxf8 35. Re7+ 1-0

[Event "Catalunya-chT"]
[Site "Barcelona"]
[Date "2011.03.12"]
[Round "7.2"]
[White "Pinero Fernandez, Xavier"]
[Black "Lafuente, Pablo"]
[Result "0-1"]
[WhiteElo "2301"]
[BlackElo "2561"]
[PlyCount "56"]
[EventDate "2011.01.29"]
[EventType "team-tourn"]
[EventRounds "11"]
[EventCountry "ESP"]
[SourceTitle "EXT 2012"]
[Source "ChessBase"]
[SourceDate "2011.11.24"]
[SourceVersion "1"]
[SourceVersionDate "2011.11.24"]
[SourceQuality "1"]
[WhiteTeam "Ateneu Colon"]
[BlackTeam "Cerdanyola Valles"]
[WhiteTeamCountry "ESP"]
[BlackTeamCountry "ESP"]

1. Nf3 Nf6 2. c4 b6 3. Nc3 Bb7 4. g3 c5 5. Bg2 g6 6. 0-0 Bg7 7. d3 0-0 8. e4 Nc6 9. Bg5 d6 10. Qd2 Ng4 11. h3 Nge5 12. Nd5 Nxf3+ 13. Bxf3 Nd4 14. Bg2 f6 15. Be3 e6 16. Nf4 Qd7 17. Bxd4 cxd4 18. h4 Bh6 19. Qe2 Bxf4 20. gxf4 e5 21. f5 gxf5 22. Bh3 Qg7+ 23. Kh2 Qh6 24. Bxf5 Qxh4+ 25. Bh3 f5 26. f3 Kh8 27. Qe1 Qh6 28. Rd1 f4 0-1

[Event "Catalunya-chT"]
[Site "Barcelona"]
[Date "2011.01.29"]
[Round "1"]
[White "Canal Oliveras, Joan"]
[Black "Pinero Fernandez, Xavier"]
[Result "1-0"]
[WhiteElo "2246"]
[BlackElo "2301"]
[PlyCount "89"]
[EventDate "2011.01.29"]
[EventType "team-tourn"]
[EventRounds "11"]
[EventCountry "ESP"]
[SourceTitle "EXT 2012"]
[Source "ChessBase"]
[SourceDate "2011.11.24"]
[SourceVersion "1"]
[SourceVersionDate "2011.11.24"]
[SourceQuality "1"]
[WhiteTeam "Terrassa"]
[BlackTeam "Ateneu Colon"]
[WhiteTeamCountry "ESP"]
[BlackTeamCountry "ESP"]

1. e4 e6 2. d4 d5 3. Nc3 Nf6 4. Bg5 Be7 5. e5 Nfd7 6. h4 a6 7. Qg4 f5 8. Qh5+ Kf8 9. Nh3 Qe8 10. Bxe7+ Qxe7 11. Nf4 Kg8 12. Ncxd5 exd5 13. Nxd5 Qf7 14. Qxf7+ Kxf7 15. Nxc7 Nb6 16. Nxa8 Nxa8 17. d5 Nb6 18. c4 a5 19. Kd2 Ke7 20. Ke3 Bd7 21. a3 Rc8 22. Kd4 Na6 23. Rh3 a4 24. b4 axb3 25. Rxb3 Na4 26. Rxb7 N6c5 27. Rb4 f4 28. Bd3 Rd8 29. Bc2 Ne6+ 30. Kd3 Nac5+ 31. Kc3 Nf8 32. a4 Ng6 33. Bxg6 hxg6 34. Kd4 Ne6+ 35. dxe6 Bc6+ 36. Kc3 Bxg2 37. Rb6 Be4 38. a5 Rd3+ 39. Kb4 Rd2 40. a6 Ba8 41. a7 Rxf2 42. Rd1 Rb2+ 43. Kc5 Rxb6 44. Kxb6 f3 45. c5 1-0

[Event "Catalunya-chT Honor"]
[Site "Catalunya"]
[Date "2009.03.22"]
[Round "8"]
[White "Grafl, Florian"]
[Black "Pinero Fernandez, Xavier"]
[Result "1-0"]
[WhiteElo "2398"]
[BlackElo "2270"]
[PlyCount "169"]
[EventDate "2009.02.01"]
[EventType "team-tourn"]
[EventRounds "9"]
[EventCountry "ESP"]
[SourceTitle "EXT 2019"]
[Source "ChessBase"]
[SourceDate "2018.10.10"]
[SourceVersion "1"]
[SourceVersionDate "2018.10.10"]
[SourceQuality "1"]
[WhiteTeam "Barbera"]
[BlackTeam "Ateneu Colon"]
[WhiteTeamCountry "ESP"]
[BlackTeamCountry "ESP"]

1. e4 e6 2. b3 d5 3. Bb2 dxe4 4. Nc3 Nf6 5. g4 h6 6. Bg2 Bd7 7. Qe2 Bc6 8. 0-0-0 Qd6 9. Nxe4 Nxe4 10. Bxe4 Bxe4 11. Qxe4 Nc6 12. Ne2 0-0-0 13. f4 Qd5 14. d3 Qxe4 15. dxe4 Rxd1+ 16. Rxd1 Rg8 17. a3 g6 18. Rd3 f5 19. gxf5 exf5 20. exf5 gxf5 21. Kd2 Bd6 22. Rh3 Rg2 23. Kd3 Rg6 24. Rh5 Ne7 25. Ke3 Re6+ 26. Kf3 Ng6 27. Rxh6 Ne5+ 28. fxe5 Rxh6 29. exd6 Rxh2 30. dxc7 Rh3+ 31. Kg2 Rh7 32. Nd4 Kxc7 33. Nxf5 Rf7 34. Nd4 Kd6 35. Nf3 Kd5 36. c4+ Kd6 37. Be5+ Kd7 38. Bd4 Rf5 39. Kf2 a6 40. Ke3 Rh5 41. Ke4 Kc7 42. Be5+ Kc6 43. Nd4+ Kd7 44. Kd5 Rh3 45. a4 Rh1 46. Ne6 Rd1+ 47. Bd4 Rb1 48. Nc5+ Kc8 49. a5 Kb8 50. Be5+ Kc8 51. Kd4 Rd1+ 52. Kc3 Re1 53. Nd3 Ra1 54. Kb4 Rh1 55. Kc5 Rh3 56. Kd4 Kd7 57. Bf4 Rh1 58. b4 Rd1 59. Kc3 Rf1 60. Be5 Kc6 61. Bd4 Rf3 62. Kd2 Rh3 63. Be3 Rh2+ 64. Kc3 Rh3 65. Bf2 Rh5 66. Kd4 Rh1 67. Bg3 Rd1 68. Bf4 Kd7 69. Kc3 Rf1 70. b5 axb5 71. cxb5 Ra1 72. Kb4 Kc8 73. Be5 Rh1 74. Kc5 Rh6 75. Nf4 b6+ 76. axb6 Kb7 77. Nd5 Rh5 78. Bd4 Rh1 79. Kc4 Rc1+ 80. Nc3 Rh1 81. Ne4 Rh6 82. Nd2 Rh2 83. Nb3 Ra2 84. Kb4 Ra8 85. Na5+ 1-0

[Event "Catalunya-chT Honor"]
[Site "Catalunya"]
[Date "2009.02.01"]
[Round "1"]
[White "Fluvia Poyatos, Jordi"]
[Black "Pinero Fernandez, Xavier"]
[Result "1/2-1/2"]
[WhiteElo "2454"]
[BlackElo "2270"]
[PlyCount "85"]
[EventDate "2009.02.01"]
[EventType "team-tourn"]
[EventRounds "9"]
[EventCountry "ESP"]
[SourceTitle "EXT 2019"]
[Source "ChessBase"]
[SourceDate "2018.10.10"]
[SourceVersion "1"]
[SourceVersionDate "2018.10.10"]
[SourceQuality "1"]
[WhiteTeam "Barcelona UGA"]
[BlackTeam "Ateneu Colon"]
[WhiteTeamCountry "ESP"]
[BlackTeamCountry "ESP"]

1. e4 d6 2. d4 g6 3. Nc3 Bg7 4. Be3 c6 5. Qd2 Nd7 6. Nf3 b5 7. Bd3 Nb6 8. h3 Nc4 9. Bxc4 bxc4 10. 0-0 Rb8 11. Rab1 Nf6 12. Bh6 0-0 13. Qg5 d5 14. Rfe1 e6 15. Qf4 Nd7 16. Ne5 Bxh6 17. Qxh6 Nxe5 18. dxe5 f6 19. f4 d4 20. exf6 Qxf6 21. e5 Qxf4 22. Qxf4 Rxf4 23. Re4 Rxe4 24. Nxe4 c5 25. Nxc5 Rb5 26. b4 cxb3 27. Nxb3 Rxe5 28. Nxd4 Rc5 29. Rb8 Kf7 30. Nb5 Ba6 31. c4 Kf6 32. Nxa7 Bxc4 33. Rc8 Rxc8 34. Nxc8 Bxa2 35. Kf2 h5 36. g3 Bd5 37. h4 e5 38. Nd6 g5 39. hxg5+ Kxg5 40. Nb5 Kg4 41. Nc3 Bf3 42. Nb1 Be4 43. Nc3 1/2-1/2